000 00717cam a2200217 a 4500
001 14707881
005 20241105163159.0
008 070123s2006 njua b 001 0 eng
020 _a9780132304610
020 _a0132304619
050 0 0 _aT58.6
_b.L376 2006
082 0 0 _a658.4/038011
_222
100 1 _aLaudon, Kenneth C.,
_d1944-
245 1 0 _aManagement information systems :
_bmanaging the digital firm /
_cKenneth C. Laudon, Jane P. Laudon.
250 _a10th ed.
260 _aUpper Saddle River, N.J. :
_bPearson/Prentice Hall,
_c2006.
300 _a1 v. (various pagings) :
_bcol. ill. ;
_c29 cm.
650 0 _aManagement information systems.
700 1 _aLaudon, Jane P.
_q(Jane Price)
942 _2lcc
_cBK
_n0
999 _c651
_d651